00688cpcaa22002057a 4500001001300000003000400013005001700017008004100034010001700075040002400092072001200116100005100128245005800179300001300237506002200250520010000272546003600372580005700408999001700465mm 80004839 DLC20260227111702.0800129|||||||||||| eng  amm 80004839  aDLCedacscDLCdDLC 7aC2lcmd1 aWillis, John,dactive 1739-approximately 1746.00aList of properties acquired by John Willis,fundated. a1fitem.0 aOpen to research.8 aList of properties acquired by Willis and his heirs in Alabama and Pennsylvania from 1739-1807. aCollection material in English. aForms part of: Miscellaneous Manuscripts collection. c42754d42754